| 000 | 00876nam a22001697a 4500 | ||
|---|---|---|---|
| 999 |
_c62969 _d62969 |
||
| 003 | Ge_BSU | ||
| 005 | 20250416110033.0 | ||
| 008 | 250416s2011 ge ||||| |||| 00| 0 geo d | ||
| 020 | _a 9789941430671 | ||
| 041 | _ageo | ||
| 080 | _a82(042.4) : 06.068:82 ლ-50 | ||
| 245 |
_aლექციები წაკითხული ნობელის პრემიის მიღებისას ლიტერატურის დარგში : _b2001-2010 / _cსაგამომც. პროექტის ავტორი კახაბერ კუდავა. |
||
| 264 |
_aთბილისი : _bინტელექტი, _c2011. |
||
| 300 |
_a170 გვ. ; _b20 სმ. |
||
| 653 | _aნობელის პრემიის ლაურეატები ლიტერატურის დარგში | ||
| 942 |
_2udc _cᲬᲘᲒᲜᲘ |
||